书目信息 |
| 题名: |
习近平总书记系列重要讲话读本
|
|
| 作者: | ;中共中央宣传部 编 | |
| 分册: | ||
| 出版信息: | 北京 学习出版社 : 人民出版社, 2016.04 |
|
| 页数: | 303页 | |
| 开本: | 21cm | |
| 丛书名: | ||
| 单 册: | ||
| 中图分类: | D2-0 | |
| 科图分类: | ||
| 主题词: | 讲话--jiang hua--中国--现代--学习参考资料 | |
| 电子资源: | ||
| ISBN: | 978-7-5147-0629-1 | |
| 000 | 01254nam0 2200253 450 | |
| 001 | 2335721941 | |
| 005 | 20250319111612.52 | |
| 010 | @a978-7-5147-0629-1@dCNY16.00 | |
| 100 | @a20170904d2016 em y0chiy50 ea | |
| 101 | 0 | @achi |
| 102 | @aCN@b110000 | |
| 105 | @ay z 000yy | |
| 200 | 1 | @a习近平总书记系列重要讲话读本@Axi jin ping zong shu ji xi lie zhong yao jiang hua du ben@d=XIJINPING ZONGSHUJI XILIE ZHONGYAO JIANGHUA DUBEN(2016NIANBAN)@e2016年版@f中共中央宣传部 |
| 210 | @a北京@c学习出版社 : 人民出版社,@d2016.04 | |
| 215 | @a303页@d21cm | |
| 330 | @a本书围绕推进国防和军队建设、祖国统一、外交工作等, 围绕从严管党治党、全面提高党的建设科学化水平, 提出许多新思想新观点新论断新要求, 深刻回答了新形势下党和国家发展的一系列重大理论和现实问题。全书主要观点和论述忠实于原著, 可作为文大党员、干部和群众学习讲话精神的重要辅助材料。 | |
| 503 | @n河南城建学院图书馆 | |
| 510 | 1 | @aXIJINPING ZONGSHUJI XILIE ZHONGYAO JIANGHUA DUBEN(2016NIANBAN) |
| 600 | 0 | @a习近平,@Axi jin ping@f1953- @x讲话@j学习参考资料 |
| 606 | 0 | @a讲话@Ajiang hua@y中国@z现代@j学习参考资料 |
| 690 | @aD2-0@v5 | |
| 711 | 02 | @a中共中央宣传部@Azhong gong zhong yang xuan chuan bu@4编 |
| 801 | 0 | @aCN@b河南城建学院图书馆@c20170904 |
| 905 | @a河南城建学院图书馆@dD2-0@eX5474@f3 | |
| 习近平总书记系列重要讲话读本=XIJINPING ZONGSHUJI XILIE ZHONGYAO JIANGHUA DUBEN(2016NIANBAN):2016年版/中共中央宣传部.-北京:学习出版社 : 人民出版社,,2016.04 |
| 303页;21cm |
| ISBN 978-7-5147-0629-1:CNY16.00 |
| 本书围绕推进国防和军队建设、祖国统一、外交工作等, 围绕从严管党治党、全面提高党的建设科学化水平, 提出许多新思想新观点新论断新要求, 深刻回答了新形势下党和国家发展的一系列重大理论和现实问题。全书主要观点和论述忠实于原著, 可作为文大党员、干部和群众学习讲话精神的重要辅助材料。 |
| ● |
| 相关链接 |
|
|
|
正题名:习近平总书记系列重要讲话读本
索取号:D2-0/X5474
 
预约/预借
| 序号 | 登录号 | 条形码 | 馆藏地/架位号 | 状态 | 备注 |
| 1 | 1504541 | 215045412 | 社科库509/509社科库 68排6列3层/ [索取号:D2-0/X5474] | 在馆 | |
| 2 | 1554797 | 215547978 | 社科库509/509社科库 68排6列3层/ [索取号:D2-0/X5474] | 在馆 |